UBT Library

Reading, writing, and learning in ESL : (Record no. 43725)

000 -LEADER
fixed length control field 00912cam a2200253 i 4500
001 - CONTROL NUMBER
control field 18760855
005 - DATE AND TIME OF LATEST TRANSACTION
control field 20180228090152.0
008 - FIXED-LENGTH DATA ELEMENTS--GENERAL INFORMATION
fixed length control field 150826s2017 maua b 001 0 eng
010 ## - LIBRARY OF CONGRESS CONTROL NUMBER
LC control number 2015029521
020 ## - INTERNATIONAL STANDARD BOOK NUMBER
International Standard Book Number 9780134014548 (pbk.)
020 ## - INTERNATIONAL STANDARD BOOK NUMBER
International Standard Book Number 0134014545 (pbk.)
040 ## - CATALOGING SOURCE
Original cataloging agency DLC
Language of cataloging eng
Transcribing agency DLC
Description conventions rda
Modifying agency DLC
041 ## - LANGUAGE CODE
Language code of text/sound track or separate title eng
042 ## - AUTHENTICATION CODE
Authentication code pcc
080 ## - UNIVERSAL DECIMAL CLASSIFICATION NUMBER
Universal Decimal Classification number 428.0071 SUZ
082 00 - DEWEY DECIMAL CLASSIFICATION NUMBER
Classification number 428.0071 SUZ
Edition number 23
100 1# - Rafti
Rafti 25
101 ## - Shkurtesa
Shkurtesa EDU
245 10 - TITLE STATEMENT
Title Reading, writing, and learning in ESL :
Statement of responsibility, etc Suzanne F. Peregoy, San Francisco State University, Owen F. Boyle, San Jose State University.
504 ## - BIBLIOGRAPHY, ETC. NOTE
Bibliography, etc Includes bibliographical references (pages 472-488) and indexes.
906 ## - LOCAL DATA ELEMENT F, LDF (RLIN)
a 7
b cbc
c orignew
d 1
e ecip
f 20
g y-gencatlg
942 ## - ADDED ENTRY ELEMENTS (KOHA)
Source of classification or shelving scheme
Item type Books
Holdings
Withdrawn status Lost status Source of classification or shelving scheme Damaged status Not for loan Collection code Permanent location Current location Shelving location Date acquired Total Checkouts Full call number Barcode Date last seen Price effective from Koha item type
          Koleksioni i përgjithshem UBT - Lipjan UBT - Lipjan Koleksioni i përgjithshem 02/28/2018   428.0071 SUZ 002-3000347 02/28/2018 02/28/2018 Books
UBT Library © 2015-2024. All rights reserved University Education for Business and Technology